02275nam a22002774c 4500003000900000008004100009020001800050040003100068041001900099080000800118100001900126245002400145250002200169264004600191300004800237336002700285337003300312338002800345490004300373520143000416521002201846650002201868700002801890700003901918700004001957AR-BaSMT230327t2021 agd|||frib|| 001 0 spa d a9789874180797 aBSGBbespañolcBSGBerda0 aspahespañol a5741 aBusch, María1 aEcología y salud  aSegunda edición aBuenos Aires ; bDel Aula Taller, c2021. a60 páginas, Ilustraciones blanco y negro. 2rdacontentatextobtxt 2rdamediaasin mediaciónbn 2rdacarrieravolumenbnc aColección Sociedades y Medioambiente aÍNDICE CAPÍTULO I LAS ENFERMEDADES COMO RESULTADO DE LA INTERACCIÓN DEL HOMBRE CON SU MEDIO Condiciones de vida, de trabajo y salud La epidemiología social Los efectos demográficos de la conquista CAPÍTULO II DISTINTOS TIPOS DE AGENTES CAUSALES DE ENFERMEDADES: FACTORES FÍSICOS, QUÍMICOS Y BIÓTICOS Agentes físicos Radiaciones Hiroshima y Nagasaki Calor Ruido Agentes químicos Condiciones de trabajo y salud Contaminación por plaguicidas Otros contaminantes químicos Materiales en suspensión en la atmósfera Agentes biológicos CAPÍTULO III ENFERMEDADES ASOCIADAS AL MEDIO AMBIENTE Producidas por agentes químicos o físicos Enfermedades producidas por agentes biológicos Sin intervención de reservorios o vectores Con intervención de reservorios o vectores Las epidemias de cólera en la Argentina Los ataques de la peste negra La necesidad de entornos saludables Enfermedades transmitidas por insectos Enfermedades de transmisión hídrica Enfermedades transmitidas por caracoles CAPÍTULO IV PERSPECTIVAS EN UN PLANETA QUE CAMBIA RECUADROS Condiciones de vida, de trebajo y de salud La epidemiología social Los efectos demográficos de la conquista Hiroshima y Nagasaki Condiciones de trabajo y de salud Las epidemias de cólera en la Argentina Los ataques de la peste negra La necesidad de entornos saludables Enfermedades de transmisión hídrica BIBLIOGRAFÍA aPúblico general 7aECOLOGÍAxSALUD1 aAmbas, AlejandroeAutor1 aDadón, José R., b1956-eAutor1 aRodríguez, María CeciliaeAutor